Jubilejná výročná zpráva Štátnej čsl. odbornej školy kovorobnej v Banskej Bystrici [1919-1934]

Bibliographic Details
Corporate Author: Štátna čsl. odborná škola kovorobná Banská Bystrica, Slovensko (Author)
Other Authors: Dusil, Karol (Compiler)
Format: Book
Language:Slovak
PhysicalDescription:40 s. 21 cm
Published: Banská Bystrica Štátna čsl. odborná škola kovorobná 1934
Subjects:

MARC

LEADER 00000nam a2200000 a 4500
001 vtls001304371
003 SK-MaSNL
005 20260301004929.0
008 180812s1935 xo a 0 slo
020 |c b.c. 
035 |a SNK000256566 
040 |a SNK  |b slo  |c SNK  |e AACR2 
041 0 |a slo 
044 |a xo  |c SK 
080 |a 377(437.642-21)"1916/1934"  |2 1981 
110 0 |a Štátna čsl. odborná škola kovorobná Banská Bystrica, Slovensko  |4 aut  |9 288472 
245 1 |a Jubilejná výročná zpráva Štátnej čsl. odbornej školy kovorobnej v Banskej Bystrici [1919-1934]  |c sostavil Karol Dusil 
260 |a Banská Bystrica  |b Štátna čsl. odborná škola kovorobná  |c 1934  |e Banská Bystrica  |f Slovan 
300 |a 40 s.  |c 21 cm 
610 0 7 |a Štátna čsl. odborná škola kovorobná  |a Banská Bystrica, Slovensko  |y 1916-1934  |x správy výročné  |2 SNK  |9 288473 
611 1 7 |a Štátna čsl. odborná škola kovorobná  |a Banská Bystrica, Slovensko  |y 1916-1934  |x správy výročné  |2 SNK  |9 288474 
700 1 |a Dusil, Karol  |4 com  |9 288475 
958 |a OND 
999 |c 543737  |d 545667 
952 |a SNK  |b SNK  |y VYP  |7 0  |p 17A0525930  |o snkOSC 19189 D1  |i snk2006/21926  |8 3  |g 1.99  |0 0  |1 0  |4 0  |d 2006-10-26  |l 0  |r 2026-02-23 12:47:54  |w 2026-02-23 
952 |t P60, <03>, [BOOK], {603}  |a SNK  |b SNK  |y PREZ  |7 0  |p 17A0100044  |o snkOSC 19189  |i snkD 1123/97  |0 0  |1 0  |4 0  |d 1997-09-30  |l 0  |r 2005-01-02 00:00:00  |w 2026-02-23